000 01096nas a2200349 4500
001 BR2015001270
003 BR-BrBNA
005 20231205125150.0
007 ta
008 230509b bl.|||p| |||| 00| 00por d
040 _aBR-BrBNA
_bpor
_cBiblioteca Nacional de Agricultura
041 _a(En)
072 _aQ03
100 1 _aCerqueira, M.M.O.P.
100 1 _aSouza, F.N.
100 1 _aCunha, A.F.
100 1 _aPicinin, L.C.A.
100 1 _aLeite, M.O.
100 1 _aPenna, C.F.A.M.
100 1 _aSouza, M.R.
100 1 _aFonseca, L.M.
245 1 _aDetection of antimicrobial and antherlmintic residues in bulk tank milk from four different mesoregions of minas gerais state-brazil
650 _aGADO LEITEIRO
650 _aLEITE
650 _aMICROBIOLOGIA DE ALIMENTO
650 _aANTI-HELMÍNTICO
650 _aRESÍDUO
650 _aMINAS GERAIS
773 0 _tArquivo Brasileiro de Medicina Veterinária e Zootecnia (Brazil)
_xISSN 0102-0935
_g(Apr 2014), v. 66(2) p. 621-625
_wBR2015001270
909 _a202311
_bLúcia
_c55
_dLúcia Elande
942 _2AGRIS
_n0
_cANA
999 _c242984
_d242984